Betclic 1 Liga 2026/27 - Statystyki

Ogólne statystyki
  • Ten quiz został rozwiązany 4 razy
  • Średni wynik to 17 z 18
Statystyki odpowiedzi
Klub % Poprawnych
Arka Gdynia
100%
Bruk-Bet Termalica Nieciecza
100%
Chrobry Głogów
100%
Lechia Gdańsk
100%
ŁKS Łódź
100%
Odra Opole
100%
Pogoń Siedlce
100%
Polonia Warszawa
100%
Ruch Chorzów
100%
Stal Mielec
100%
Stal Rzeszów
100%
Unia Skierniewice
100%
Warta Poznań
100%
Miedź Legnica
75%
Podbeskidzie Bielsko-Biała
75%
Polonia Bytom
75%
Puszcza Niepołomice
75%
Pogoń Grodzisk Mazowiecki
50%
Nie znaleziono quizów pasujących do podanych kryteriów
Rozkład punktacji
Procent ludzi z każdym wynikiem
Percentyl według liczby udzielonych odpowiedzi
Twoja historia wyników
Nie rozwiązałeś tego quizu